Group rings of finite groups over p-adic integers

Αποθηκεύτηκε σε:
Λεπτομέρειες βιβλιογραφικής εγγραφής
Κύριος συγγραφέας: Plesken, Wilhelm
Μορφή: Βιβλίο
Γλώσσα:English
Δημοσίευση: Berlin : Springer-Verlag, 1983
Σειρά:Lecture notes in mathematics (Springer-Verlag) ; 1026
Θέματα:
Ετικέτες: Προσθήκη ετικέτας
Δεν υπάρχουν, Καταχωρήστε ετικέτα πρώτοι!

MARC

LEADER 00000nam a2200000 i 4500
001 1/61046
008 941103s1983 eng d
020 |a 3-540-12728-3 
035 |a 1993  |l 10046368 
040 |a GR-MY-UA  |b gre  |e aacr 
041 0 |a eng 
082 0 |a 512.2 
100 1 |a Plesken, Wilhelm. 
245 1 0 |a Group rings of finite groups over p-adic integers /  |c Wilhelm Plesken 
260 |a Berlin :   |b Springer-Verlag,   |c 1983 
300 |a 151 p.;  |c 25 cm. 
490 1 |a Lecture notes in mathematics (Springer-Verlag)  |v ; 1026 
500 |a Includes bibliographical references and index 
650 0 0 |a Group rings. 
650 0 0 |a Finite groups. 
650 0 0 |a p-adic numbers. 
830 0 |a Lecture notes in mathematics (Springer-Verlag)  |v ; 1026 
852 |a INST  |b SAMOS  |e 19941103  |h 512.2 PLE  |p 005300007788  |q 005300007788  |t BK  |y 0 
909 |a Σ  |b 028912